Devinez la Capitale Mystère #77 - Statistiques

Statistiques générales
  • Ce quiz a été pris 142 fois
  • Le résultat moyen est 28 sur 35
Statistiques - réponses
Type de Réponse Réponse % Correct
Lettre de l'Alphabet A
100%
Lettre Trouvée E
99%
Lettre de l'Alphabet I
99%
Lettre Trouvée R
99%
Lettre de l'Alphabet S
99%
Lettre de l'Alphabet N
98%
Lettre Trouvée O
98%
Lettre de l'Alphabet L
95%
Lettre Trouvée B
94%
Lettre de l'Alphabet P
92%
Lettre de l'Alphabet G
91%
Lettre Trouvée T
91%
Lettre de l'Alphabet D
87%
Lettre de l'Alphabet M
87%
Lettre Trouvée U
87%
Lettre Bien Placée B
84%
Lettre de l'Alphabet C
84%
Lettre Bien Placée O
82%
Lettre Trouvée H
81%
Lettre de l'Alphabet K
79%
Lettre de l'Alphabet W
79%
Lettre Bien Placée E
78%
Lettre de l'Alphabet V
75%
Lettre de l'Alphabet X
71%
Lettre Bien Placée R
67%
Lettre Trouvée Y
66%
Lettre de l'Alphabet J
65%
Lettre Bien Placée U
63%
Lettre de l'Alphabet Z
62%
Lettre de l'Alphabet F
59%
Lettre Bien Placée T
59%
Lettre de l'Alphabet Q
56%
Capitale Mystère Beyrouth
55%
Lettre Bien Placée H
55%
Lettre Bien Placée Y
55%
Aucun quiz correspondant
Distribution des résultats
% des personnes avec chaque résultat
Percentile par nombre de réponses
Votre historique - résultats
Vous n’avez pas pris ce quiz